रंग-साक्षात्कार / (Record no. 112292)

MARC details
000 -LEADER
fixed length control field 01056nam a22002657a 4500
005 - DATE AND TIME OF LATEST TRANSACTION
control field 20170124102936.0
010 ## - LIBRARY OF CONGRESS CONTROL NUMBER
LC control number B-032382
020 ## - INTERNATIONAL STANDARD BOOK NUMBER
Terms of availability 300.00
International Standard Book Number 8170164885
035 ## - SYSTEM CONTROL NUMBER
System control number B-032382
037 ## - SOURCE OF ACQUISITION
Source of stock number/acquisition Cen Lib/Ret
040 ## - CATALOGING SOURCE
Original cataloging agency DPL
Language of cataloging HN
082 ## - DEWEY DECIMAL CLASSIFICATION NUMBER
Classification number 700.92
Item number तनेजा
100 ## - MAIN ENTRY--PERSONAL NAME
Personal name तनेजा, जयदेव
9 (RLIN) 46736
245 ## - TITLE STATEMENT
Title रंग-साक्षात्कार /
Statement of responsibility, etc जयदेव तनेजा
246 ## - VARYING FORM OF TITLE
Title proper/short title Rang-saakshatkaar /
Remainder of title by Jaidev Taneja
260 ## - PUBLICATION, DISTRIBUTION, ETC. (IMPRINT)
Place of publication, distribution, etc नयी दिल्ली
Name of publisher, distributor, etc किताबघर प्रकाशन
Date of publication, distribution, etc 2001
270 ## - ADDRESS
City नयी दिल्ली
Postal code 110002
Address 24, अंसारी रोड, दरिया गंज
300 ## - PHYSICAL DESCRIPTION
Extent 327पृ.
Dimensions 19सेमी (सजिल्द)
500 ## - GENERAL NOTE
General note परिशिष्ट शामिल
650 ## - SUBJECT ADDED ENTRY--TOPICAL TERM
Topical term or geographic name as entry element हिन्दी साहित्य
Geographic subdivision
9 (RLIN) 46737
650 ## - SUBJECT ADDED ENTRY--TOPICAL TERM
Topical term or geographic name as entry element थिएटर
9 (RLIN) 102
650 ## - SUBJECT ADDED ENTRY--TOPICAL TERM
Topical term or geographic name as entry element Geography
9 (RLIN) 46738
650 ## - SUBJECT ADDED ENTRY--TOPICAL TERM
Topical term or geographic name as entry element Color-platform
9 (RLIN) 46739
942 ## - ADDED ENTRY ELEMENTS (KOHA)
Source of classification or shelving scheme Dewey Decimal Classification
Koha item type Hindi Books
Classification part 700.92
Call number suffix तनेजा
Holdings
Withdrawn status Lost status Damaged status Not for loan Home library Current library Date acquired Source of acquisition Cost, normal purchase price Total Checkouts Full call number Barcode Date last seen Copy number Cost, replacement price Price effective from Koha item type
        Central Library Central Library 07/08/2015 Cen Lib/Ret 300.00   700.92 तनेजा B-032382 07/08/2015 1 300.00 07/08/2015 Hindi Books

© Delhi Public Library
Hit Counter
free hit counter